Most Populous Norwegian Municipality for Every Letter - Statistics

General Stats
  • This quiz has been taken 64 times
  • The average score is 12 of 22
Answer Stats
Hint Population Answer % Correct
B 293,787 Bergen
100%
O 725,180 Oslo
100%
T 216,752 Trondheim
98%
S 150,838 Stavanger
95%
D 105,800 Drammen
91%
K 118,412 Kristiansand
88%
Å 59,305 Ålesund
84%
F 86,090 Fredrikstad
81%
P 37,392 Porsgrunn
60%
A 101,061 Asker
58%
L 96,272 Lillestrøm
56%
G 31,219 Gjøvik
47%
H 38,565 Haugesund
44%
M 52,920 Moss
40%
U 45,573 Ullensaker
26%
N 65,141 Nordre Follo
23%
I 47,731 Indre Østfold
19%
E 28,540 Eidsvoll
14%
J 7,063 Jevnaker
14%
Ø 40,342 Øygarden
12%
R 36,025 Ringsaker
12%
V 20,017 Vestby
7%
No matching quizzes found
Score Distribution
Percent of People with Each Score
Percentile by Number Answered
Your Score History
You have not taken this quiz